000 00795nam a2200265 i 4500
001 bg
100 1 _aGOLASIŃSKI, Marek
245 1 0 _aAlgebraic models of disconnected equivariant spaces /
_cMarek Golasiński.
260 _aToruń :
_bUMK,
_c1996.
300 _a135 s. :
_brys. ;
_c24 cm.
490 1 _aRozprawy / Uniwersytet Mikołaja Kopernika
504 _aBibliogr. s. 121-130. - Indeks.
650 9 _aLogika matematyczna
650 9 _aModele matematyczne
650 9 _aTopologia
_xzagadnienia
710 0 _aUniwersytet Mikołaja Kopernika
830 0 _aRozprawy (Uniwersytet Mikołaja Kopernika)
020 _a832310770X
040 _cBPK
041 0 _aen
080 _a510.6:515.1
920 _a83-231-0770-X
942 _cKS
008 s pl f |000 0 pol
999 _c34196
_d34196
856 _uhttp://koha.tu.koszalin.pl/cgi-bin/koha/opac-detail.pl?biblionumber=34196
_yKatalog online BPK